| 000 | 00976nam a2200241Ia 4500 | ||
|---|---|---|---|
| 999 |
_c4593 _d4593 |
||
| 003 | OSt | ||
| 005 | 20200407185416.0 | ||
| 008 | 191128s2011 ck a gr 000 0 spa d | ||
| 020 | _a9789586441629 | ||
| 040 |
_aCO-JMCR _cCO-JMCR |
||
| 041 | 0 | _aspa | |
| 082 | 0 | 4 |
_a323.04 / _bF175t _221 |
| 100 | 1 |
_aFajardo Maldonado, Sandra, _eeditora _92728 |
|
| 245 | 1 | 0 |
_aTejidos de sentido : _btrayectorias de educación en derechos humanos en Bogotá / _ceditores, Sandra Fajardo Maldonado, Nathalia Garzón Hernández y Dario Sánchez Mojica |
| 260 |
_aBogotá : _bCinep, _c2011 |
||
| 300 |
_a339 páginas : _bilustraciones a blanco y negro ; _c22 cm. |
||
| 504 | _aBibliografía : Página 332 | ||
| 505 | 0 | _aTransversalidades -- Escenarios -- Narraciones -- Sujetos -- Perfiles docentes | |
| 650 | 1 | 4 |
_aDerechos humanos _xenseñanza _zBogotá _92729 |
| 700 | 1 |
_aGarzón Hernández, Nathalia, _eeditora _92730 |
|
| 700 | 1 |
_aSánchez Mojica, Dario, _eeditor _92731 |
|
| 942 |
_2ddc _cBK |
||